[Event "HUN-chT2 Asztalos 2223"]
[Site "Hungary"]
[Date "2023.04.23"]
[Round "9.9"]
[White "Kelemen, Aron"]
[Black "Papp, Csaba"]
[Result "1-0"]
[WhiteElo "1721"]
[BlackElo "2023"]
[PlyCount "85"]
[EventDate "2022.11.20"]
[EventType "team-tourn"]
[EventRounds "10"]
[EventCountry "HUN"]
[SourceTitle "EXT 2025"]
[Source "ChessBase"]
[SourceDate "2024.10.14"]
[SourceVersion "1"]
[SourceVersionDate "2024.10.14"]
[SourceQuality "1"]
[WhiteTeam "Baja Spartacus"]
[BlackTeam "Decs 1990"]
[WhiteTeamCountry "HUN"]
[BlackTeamCountry "HUN"]

1. d4 d5 2. c4 c6 3. Nc3 g6 4. Bf4 Bg7 5. e3 e6 6. Nf3 Ne7 7. Be2 0-0 8. 0-0 Nf5 9. Qc2 Nd7 10. c5 f6 11. h3 e5 12. Bh2 Nh6 13. b4 Qe7 14. e4 dxe4 15. Nxe4 Nf7 16. dxe5 Ndxe5 17. Nxe5 fxe5 18. Rad1 Bf5 19. Bc4 Rad8 20. Qe2 Be6 21. a3 Bd5 22. Rfe1 Rfe8 23. Bg3 Qe6 24. Bd3 Bb3 25. Rb1 Qd5 26. Rxb3 Qxb3 27. Bc4 Qxa3 28. Ng5 Rd5 29. Nxf7 Kxf7 30. Rd1 Re7 31. Qe4 Bf6 32. Rxd5 cxd5 33. Qxd5+ Ke8 34. Qg8+ Kd7 35. Bb5+ Kc7 36. Qd5 Qc1+ 37. Kh2 Qg5 38. Qd6+ Kc8 39. c6 Rc7 40. h4 Qf5 41. Bd3 Qg4 42. cxb7+ Kb8 43. Qxf6 1-0

[Event "HUN-chT2 Toth 2223"]
[Site "Hungary"]
[Date "2023.02.12"]
[Round "7.5"]
[White "Kovacs, Arthur"]
[Black "Papp, Csaba"]
[Result "0-1"]
[WhiteElo "1907"]
[BlackElo "2120"]
[PlyCount "138"]
[EventDate "2022.10.16"]
[EventType "team-tourn"]
[EventRounds "11"]
[EventCountry "HUN"]
[SourceTitle "EXT 2025"]
[Source "ChessBase"]
[SourceDate "2024.10.14"]
[SourceVersion "1"]
[SourceVersionDate "2024.10.14"]
[SourceQuality "1"]
[WhiteTeam "Mako Duocor II"]
[BlackTeam "Maroczy II"]
[WhiteTeamCountry "HUN"]
[BlackTeamCountry "HUN"]

1. d4 d5 2. Nf3 Nf6 3. c4 c5 4. cxd5 cxd4 5. Nxd4 Nxd5 6. e4 Nb4 7. Qa4+ N8c6 8. Nxc6 Nxc6 9. Nc3 e6 10. Be3 Bd6 11. Rd1 Qe7 12. Be2 0-0 13. 0-0 a6 14. a3 b5 15. Qc2 Bb7 16. Rd2 Rfd8 17. Rfd1 Rac8 18. Bb6 Bc7 19. Bxc7 Rxd2 20. Rxd2 Qxc7 21. Qd1 g6 22. Rd7 Qb8 23. Qd6 Qxd6 24. Rxd6 Rc7 25. f4 Kf8 26. Kf2 Ke7 27. Rd2 f6 28. Ke3 Na5 29. g3 h6 30. h4 Rc8 31. Bf1 Rc5 32. Be2 Nb3 33. Rd1 Bc6 34. Bd3 e5 35. Bf1 Bb7 36. Be2 Nd4 37. Bd3 a5 38. Ne2 Nxe2 39. Kxe2 exf4 40. gxf4 Rh5 41. Kf3 f5 42. Kg3 fxe4 43. Bxe4 Bxe4 44. Re1 Kd6 45. Rxe4 Rd5 46. Re8 Rd3+ 47. Kg4 h5+ 48. Kg5 Rg3+ 49. Kh6 Rg4 50. f5 gxf5 51. Kxh5 Rg2 52. b4 axb4 53. axb4 Rg4 54. Rb8 Rxb4 55. Kg5 Rg4+ 56. Kxf5 Rxh4 57. Rc8 Kd5 58. Rb8 b4 59. Rb7 Kc4 60. Ke5 Kc3 61. Rc7+ Kb2 62. Rc8 b3 63. Rc7 Rh1 64. Kd4 Rd1+ 65. Ke3 Rd8 66. Ke2 Kb1 67. Rb7 b2 68. Rb6 Ra8 69. Kd2 Ka2 0-1

[Event "HUN-chT2 Toth 2223"]
[Site "Hungary"]
[Date "2022.10.30"]
[Round "2.4"]
[White "Papp, Csaba"]
[Black "Oltean, Cristian Daniel"]
[Result "0-1"]
[WhiteElo "2134"]
[BlackElo "1898"]
[PlyCount "54"]
[EventDate "2022.10.16"]
[EventType "team-tourn"]
[EventRounds "11"]
[EventCountry "HUN"]
[SourceTitle "EXT 2025"]
[Source "ChessBase"]
[SourceDate "2024.10.14"]
[SourceVersion "1"]
[SourceVersionDate "2024.10.14"]
[SourceQuality "1"]
[WhiteTeam "Maroczy II"]
[BlackTeam "Gyula"]
[WhiteTeamCountry "HUN"]
[BlackTeamCountry "HUN"]

1. e4 g6 2. h4 h6 3. d4 Bg7 4. c3 d5 5. e5 h5 6. Nf3 Nh6 7. Bd3 0-0 8. Bf4 b6 9. Nbd2 c5 10. Qe2 Nf5 11. Nf1 Nc6 12. dxc5 bxc5 13. Ng5 c4 14. Bc2 Qa5 15. Nd2 e6 16. g4 hxg4 17. h5 Nh6 18. hxg6 fxg6 19. Bg3 Rf5 20. Bxf5 exf5 21. e6 Qd8 22. Bf4 Qe7 23. 0-0-0 Ba6 24. Rxh6 Bxh6 25. Qe3 d4 26. cxd4 Nb4 27. Nf7 Bxf4 0-1

[Event "HUN-chT2 Asztalos 2122"]
[Site "Hungary"]
[Date "2022.01.30"]
[Round "5.9"]
[White "Papp, Csaba"]
[Black "Szunyogh, Istvan"]
[Result "1-0"]
[WhiteElo "2018"]
[BlackElo "1764"]
[PlyCount "67"]
[EventDate "2021.10.10"]
[EventType "team-tourn"]
[EventRounds "9"]
[EventCountry "HUN"]
[SourceTitle "EXT 2025"]
[Source "ChessBase"]
[SourceDate "2024.10.14"]
[SourceVersion "1"]
[SourceVersionDate "2024.10.14"]
[SourceQuality "1"]
[WhiteTeam "Decs 1990"]
[BlackTeam "Gardony VSE"]
[WhiteTeamCountry "HUN"]
[BlackTeamCountry "HUN"]

1. e4 e6 2. b3 d5 3. Bb2 dxe4 4. Nc3 Nf6 5. Qe2 Bd7 6. 0-0-0 Bc6 7. d3 exd3 8. Rxd3 Nbd7 9. f3 Bd6 10. h3 Qe7 11. g4 Ba3 12. Bg2 0-0-0 13. f4 Bxg2 14. Qxg2 Bxb2+ 15. Kxb2 c6 16. Nf3 Nc5 17. Re3 Nd5 18. Nxd5 Rxd5 19. g5 Rhd8 20. Rhe1 g6 21. h4 Qf8 22. Rc3 Qg7 23. Ne5 Nd7 24. Nc4 b5 25. Ne5 Nxe5 26. fxe5 Kb7 27. Qe4 a5 28. a3 Kb6 29. Qe3+ c5 30. b4 axb4 31. axb4 Qf8 32. Ra1 Qe7 33. Rca3 Qb7 34. bxc5+ 1-0

[Event "HUN-chT2 Asztalos 1819"]
[Site "Hungary"]
[Date "2019.03.31"]
[Round "8.12"]
[White "Tombor, Mate"]
[Black "Papp, Csaba"]
[Result "0-1"]
[WhiteElo "1531"]
[BlackElo "2006"]
[PlyCount "78"]
[EventDate "2018.10.28"]
[EventType "team-tourn"]
[EventRounds "9"]
[EventCountry "HUN"]
[SourceTitle "EXT 2021"]
[Source "ChessBase"]
[SourceDate "2020.10.23"]
[SourceVersion "1"]
[SourceVersionDate "2020.10.23"]
[SourceQuality "1"]
[WhiteTeam "Marcali"]
[BlackTeam "Decs 1990"]
[WhiteTeamCountry "HUN"]
[BlackTeamCountry "HUN"]

1. e4 e5 2. Nc3 Nc6 3. g3 Bc5 4. Bg2 d6 5. Nge2 Be6 6. 0-0 Qd7 7. d3 0-0-0 8. Kh1 h5 9. f4 f5 10. Nd5 h4 11. Qe1 Nf6 12. b4 Bxd5 13. exd5 Nxb4 14. Rb1 Nxc2 15. Qc3 Nd4 16. Qb2 b6 17. Be3 Nxe2 18. Qxe2 hxg3 19. Bxc5 Rxh2+ 20. Kg1 dxc5 21. fxe5 Nxd5 22. Qf3 f4 23. Qe4 c6 24. Rbc1 Ne3 25. Qxc6+ Qxc6 26. Bxc6 Nxf1 27. Rxf1 Kc7 28. Be4 g5 29. e6 Re8 30. Bf5 Kd6 31. a4 Rxe6 32. Bxe6 Kxe6 33. Re1+ Kd5 34. Re8 Ra2 35. Rg8 Kd4 36. Rxg5 Ke3 37. Rf5 Kf3 38. Re5 Ra1+ 39. Re1 Rxe1# 0-1

[Event "HUN-chT2 Asztalos 1819"]
[Site "Hungary"]
[Date "2019.02.24"]
[Round "6.11"]
[White "Papp, Csaba"]
[Black "Somlan, Gellert"]
[Result "1-0"]
[WhiteElo "2006"]
[BlackElo "1396"]
[PlyCount "81"]
[EventDate "2018.10.28"]
[EventType "team-tourn"]
[EventRounds "9"]
[EventCountry "HUN"]
[SourceTitle "CBM 189 Extra"]
[Source "ChessBase"]
[SourceDate "2019.05.31"]
[SourceVersion "1"]
[SourceVersionDate "2019.05.31"]
[SourceQuality "1"]
[WhiteTeam "Decs 1990"]
[BlackTeam "Karmin"]
[WhiteTeamCountry "HUN"]
[BlackTeamCountry "HUN"]

1. e4 e6 2. b3 b6 3. Bb2 Bb7 4. Nc3 Nf6 5. Qe2 Be7 6. 0-0-0 d5 7. exd5 Bxd5 8. Nxd5 Qxd5 9. Nf3 Nbd7 10. g3 0-0 11. Bg2 Qa5 12. Ne5 Rae8 13. Bc6 Rd8 14. Bxd7 Rxd7 15. Nxd7 Nxd7 16. Qd3 Nc5 17. Qc3 Qxc3 18. Bxc3 Ne4 19. Bd4 Ba3+ 20. Kb1 Rd8 21. Be3 a5 22. f3 Nf6 23. Bg5 Be7 24. c3 h6 25. Bxf6 Bxf6 26. Kc2 g6 27. Rhe1 Rd7 28. Re3 c6 29. Rd3 Rc7 30. a3 Be7 31. b4 a4 32. Re3 Kg7 33. d4 Bd6 34. Kd3 Kh7 35. c4 Be7 36. d5 Rd7 37. Ke2 cxd5 38. cxd5 exd5 39. Red3 Rc7 40. Rxd5 Rc2+ 41. R1d2 1-0

[Event "HUN-chT2 Asztalos 1819"]
[Site "Hungary"]
[Date "2018.12.02"]
[Round "3.12"]
[White "Papp, Csaba"]
[Black "Molnar, Klara"]
[Result "1-0"]
[WhiteElo "2006"]
[BlackElo "1290"]
[PlyCount "41"]
[EventDate "2018.10.28"]
[EventType "team-tourn"]
[EventRounds "9"]
[EventCountry "HUN"]
[SourceTitle "CBM 189 Extra"]
[Source "ChessBase"]
[SourceDate "2019.05.31"]
[SourceVersion "1"]
[SourceVersionDate "2019.05.31"]
[SourceQuality "1"]
[WhiteTeam "Decs 1990"]
[BlackTeam "Kiraly Sakk"]
[WhiteTeamCountry "HUN"]
[BlackTeamCountry "HUN"]

1. e4 e5 2. Nf3 Nc6 3. d4 Nxd4 4. Nxd4 exd4 5. Qxd4 Nf6 6. e5 Qe7 7. Be3 Ng8 8. Nc3 c5 9. Qe4 f6 10. Nd5 f5 11. Qxf5 d6 12. Nxe7 Bxf5 13. Nxf5 dxe5 14. Bb5+ Kf7 15. 0-0-0 Nf6 16. Bc4+ Ke8 17. Rhe1 b6 18. Bf4 e4 19. Bg5 Be7 20. Nxe7 Kxe7 21. Rxe4+ 1-0

[Event "HUN-chT2 Asztalos 1819"]
[Site "Hungary"]
[Date "2018.10.28"]
[Round "1.11"]
[White "Gyenis, Denes"]
[Black "Papp, Csaba"]
[Result "0-1"]
[WhiteElo "1603"]
[BlackElo "2006"]
[PlyCount "94"]
[EventDate "2018.10.28"]
[EventType "team-tourn"]
[EventRounds "9"]
[EventCountry "HUN"]
[SourceTitle "CBM 189 Extra"]
[Source "ChessBase"]
[SourceDate "2019.05.31"]
[SourceVersion "1"]
[SourceVersionDate "2019.05.31"]
[SourceQuality "1"]
[WhiteTeam "Szentlorinc"]
[BlackTeam "Decs 1990"]
[WhiteTeamCountry "HUN"]
[BlackTeamCountry "HUN"]

1. e4 e5 2. Nf3 f5 3. Nxe5 Qf6 4. Nc4 fxe4 5. Nc3 Qe6 6. Ne3 c6 7. Bc4 d5 8. Nexd5 cxd5 9. Bxd5 Qe5 10. Bxe4 Nf6 11. 0-0 Bd6 12. g3 0-0 13. Re1 Nxe4 14. Rxe4 Qf6 15. Qe2 Bf5 16. Re3 Nc6 17. Ne4 Bxe4 18. Rxe4 Ne5 19. d4 Nf3+ 20. Kg2 Rf7 21. c3 Raf8 22. Bf4 Nh4+ 23. Kg1 Bxf4 24. Rxf4 Nf5 25. Re1 g5 26. Re4 Ng7 27. Rf1 h5 28. h3 Nf5 29. Re1 h4 30. g4 Nd6 31. Re6 Qf4 32. Rf1 Rf6 33. Rxf6 Rxf6 34. Qe5 Kf7 35. Qxf4 Rxf4 36. Re1 Ne4 37. Re2 b5 38. a3 a6 39. Kg2 Nd6 40. f3 Nc4 41. Kf2 Rf6 42. a4 bxa4 43. d5 Rd6 44. Re4 Nxb2 45. Ke2 Rxd5 46. Rb4 a3 47. Rb3 Ra5 0-1

[Event "HUN-chT2 Asztalos 1617"]
[Site "Hungary"]
[Date "2017.02.12"]
[Round "8.7"]
[White "Papp, Csaba"]
[Black "Gyorke, Zoltan"]
[Result "1-0"]
[WhiteElo "1997"]
[BlackElo "1976"]
[PlyCount "111"]
[EventDate "2016.09.25"]
[EventType "team-tourn"]
[EventRounds "11"]
[EventCountry "HUN"]
[SourceTitle "EXT 2021"]
[Source "ChessBase"]
[SourceDate "2020.10.23"]
[SourceVersion "1"]
[SourceVersionDate "2020.10.23"]
[SourceQuality "1"]
[WhiteTeam "Decs 1990 II"]
[BlackTeam "Komlo Banyasz II"]
[WhiteTeamCountry "HUN"]
[BlackTeamCountry "HUN"]

1. e4 c5 2. d4 cxd4 3. c3 Nf6 4. e5 Nd5 5. Nf3 d6 6. Qxd4 e6 7. Bg5 Qb6 8. Qxb6 Nxb6 9. exd6 Bxd6 10. Nbd2 f6 11. Ne4 Be7 12. Be3 Nd5 13. Bc5 Bxc5 14. Nxc5 b6 15. Ne4 Ke7 16. 0-0-0 Bb7 17. Bd3 Nd7 18. Rhe1 Rac8 19. Bc2 g6 20. Nd4 Ne5 21. Ng5 Nc7 22. Bb3 Bxg2 23. Ngxe6 Nxe6 24. Bxe6 Rcd8 25. f4 Rxd4 26. cxd4 Kxe6 27. dxe5 Rc8+ 28. Kb1 f5 29. Rd6+ Ke7 30. Rd4 Rc7 31. a4 Bb7 32. Re2 Ba6 33. Red2 Bc4 34. Rc2 Ba2+ 35. Kc1 Rb7 36. Rc8 Bf7 37. b4 h6 38. h4 g5 39. fxg5 hxg5 40. Rc6 g4 41. Rf6 Rc7+ 42. Kd2 g3 43. Rxf5 g2 44. Rg5 Bb3 45. a5 bxa5 46. bxa5 Rc5 47. a6 Bd5 48. Rdg4 Ra5 49. Rg7+ Ke6 50. h5 Kxe5 51. h6 Ra2+ 52. Kc3 Ra3+ 53. Kb4 Rb3+ 54. Ka4 Rb6 55. R7g5+ Kd6 56. Rg6+ 1-0

[Event "HUN-chT2 Asztalos 1617"]
[Site "Hungary"]
[Date "2017.01.29"]
[Round "7.9"]
[White "Palla, Gyorgy"]
[Black "Papp, Csaba"]
[Result "0-1"]
[WhiteElo "2018"]
[BlackElo "1997"]
[PlyCount "82"]
[EventDate "2016.09.25"]
[EventType "team-tourn"]
[EventRounds "11"]
[EventCountry "HUN"]
[SourceTitle "EXT 2021"]
[Source "ChessBase"]
[SourceDate "2020.10.23"]
[SourceVersion "1"]
[SourceVersionDate "2020.10.23"]
[SourceQuality "1"]
[WhiteTeam "Balatonfuered"]
[BlackTeam "Decs 1990 II"]
[WhiteTeamCountry "HUN"]
[BlackTeamCountry "HUN"]

1. Nf3 Nf6 2. c4 c6 3. g3 d5 4. Bg2 Bf5 5. 0-0 e6 6. Qb3 Qb6 7. d4 Nbd7 8. Nc3 Qxb3 9. axb3 Bc2 10. Nd2 Bb4 11. Re1 0-0 12. c5 e5 13. e3 Rfe8 14. Na2 Bxd2 15. Bxd2 Bxb3 16. Nc3 b6 17. Ra3 Bc4 18. dxe5 Nxe5 19. Rea1 bxc5 20. Na4 Ned7 21. b3 Bb5 22. Nc3 Reb8 23. Rxa7 Rxa7 24. Rxa7 Kf8 25. Bh3 Ne5 26. Kg2 Bd3 27. f4 Neg4 28. Bxg4 Nxg4 29. h3 Nf6 30. Ra3 Bc2 31. Ra6 Rxb3 32. Rxc6 Ne4 33. Nxd5 f5 34. Ba5 Rb2 35. Rc8+ Kf7 36. Bc3 Ra2 37. g4 Bb3+ 38. Kg1 Bxd5 39. Rc7+ Ke8 40. Bxg7 Ng3 41. gxf5 Rg2# 0-1

[Event "HUN-chT2 Asztalos 1617"]
[Site "Hungary"]
[Date "2016.12.11"]
[Round "6.6"]
[White "Javor, Sandor"]
[Black "Papp, Csaba"]
[Result "0-1"]
[WhiteElo "2164"]
[BlackElo "1997"]
[PlyCount "46"]
[EventDate "2016.09.25"]
[EventType "team-tourn"]
[EventRounds "11"]
[EventCountry "HUN"]
[SourceTitle "EXT 2021"]
[Source "ChessBase"]
[SourceDate "2020.10.23"]
[SourceVersion "1"]
[SourceVersionDate "2020.10.23"]
[SourceQuality "1"]
[WhiteTeam "Baja"]
[BlackTeam "Decs 1990 II"]
[WhiteTeamCountry "HUN"]
[BlackTeamCountry "HUN"]

1. e4 e5 2. f4 d5 3. exd5 e4 4. Nc3 Nf6 5. Qe2 Bd6 6. Nxe4 0-0 7. Nxf6+ Qxf6 8. Qf3 Re8+ 9. Kd1 Bf5 10. d3 c6 11. Ne2 cxd5 12. g4 Bd7 13. Bh3 h6 14. Rg1 Bc6 15. g5 hxg5 16. Rxg5 Nd7 17. Bd2 Ne5 18. Qf2 Nxd3 19. cxd3 Qxb2 20. Rc1 Ba4+ 21. Ke1 Bb4 22. Kf1 Qxd2 23. Qd4 Qxe2+ 0-1

[Event "HUN-chT2 Asztalos 1516"]
[Site "Hungary"]
[Date "2016.02.14"]
[Round "7.9"]
[White "Papp, Csaba"]
[Black "Hrubos, Viktor"]
[Result "1-0"]
[WhiteElo "1984"]
[BlackElo "1883"]
[PlyCount "135"]
[EventDate "2015.09.13"]
[EventType "team-tourn"]
[EventRounds "11"]
[EventCountry "HUN"]
[SourceTitle "EXT 2017"]
[Source "ChessBase"]
[SourceDate "2016.10.25"]
[SourceVersion "1"]
[SourceVersionDate "2016.10.25"]
[SourceQuality "1"]
[WhiteTeam "Decs 1990 II"]
[BlackTeam "Pecs Karmin"]
[WhiteTeamCountry "HUN"]
[BlackTeamCountry "HUN"]

1. e4 e6 2. b3 Nf6 3. e5 Nd5 4. c4 Ne7 5. Bb2 d6 6. Nf3 d5 7. d4 a5 8. Nc3 c6 9. Be2 Ng6 10. 0-0 Nf4 11. Rc1 Be7 12. Rc2 0-0 13. Bc1 Nxe2+ 14. Qxe2 Re8 15. Bf4 Nd7 16. Bg3 Nf8 17. c5 b6 18. Qe3 bxc5 19. dxc5 Ba6 20. Rd1 Qc8 21. Na4 Nd7 22. Rdc1 Rb8 23. Nd4 Qb7 24. f4 Rbc8 25. f5 Bf8 26. fxe6 fxe6 27. Qf3 Qb4 28. Qf4 Bd3 29. Rc3 Be4 30. Nf3 h6 31. Nd2 Qd4+ 32. Bf2 Qxe5 33. Qxe5 Nxe5 34. Nxe4 dxe4 35. Re1 Nd3 36. Rxe4 Nxf2 37. Kxf2 Rcd8 38. Ke2 Rd5 39. a3 Kf7 40. b4 Red8 41. Rf3+ Rf5 42. Rfe3 Be7 43. h4 h5 44. Nb6 axb4 45. axb4 Bf6 46. Nc4 Rfd5 47. Rxe6 Bxh4 48. Nd6+ Kg8 49. R3e4 Bf6 50. Nc4 Rd4 51. Na5 Rd2+ 52. Kf3 Bg5 53. Re8+ Rxe8 54. Rxe8+ Kf7 55. Re4 Bh6 56. Nxc6 g5 57. Rd4 Rb2 58. Nd8+ Ke7 59. c6 Bg7 60. Rd7+ Ke8 61. Ne6 g4+ 62. Ke4 Re2+ 63. Kd5 Be5 64. b5 h4 65. Rh7 h3 66. gxh3 g3 67. c7 Rc2 68. Kxe5 1-0

[Event "HUN-chT2 Charousek 1516"]
[Site "Hungary"]
[Date "2015.12.06"]
[Round "4.12"]
[White "Gaal, Ede"]
[Black "Papp, Csaba"]
[Result "0-1"]
[WhiteElo "2037"]
[BlackElo "1999"]
[PlyCount "78"]
[EventDate "2015.10.18"]
[EventType "team-tourn"]
[EventRounds "9"]
[EventCountry "HUN"]
[SourceTitle "CBM 170 Extra"]
[Source "ChessBase"]
[SourceDate "2016.02.25"]
[SourceVersion "1"]
[SourceVersionDate "2016.02.25"]
[SourceQuality "1"]
[WhiteTeam "Haladas II"]
[BlackTeam "Decs 1990"]
[WhiteTeamCountry "HUN"]
[BlackTeamCountry "HUN"]

1. e4 e5 2. Nf3 f5 3. Nxe5 Qf6 4. Nc4 fxe4 5. Nc3 c6 6. Nxe4 Qe6 7. Qh5+ Ke7 8. Ncd6 Nf6 9. Qh4 Kd8 10. Bc4 Qe7 11. Qf4 Nxe4 12. Nf7+ Ke8 13. 0-0 d5 14. Nxh8 g5 15. Qf3 Bg7 16. Re1 g4 17. Qd1 Bd4 18. Kf1 Qf6 19. f3 gxf3 20. Qxf3 Qxf3+ 21. gxf3 Bh3+ 22. Ke2 dxc4 23. fxe4 Bg4+ 24. Kf1 Nd7 25. e5 Ke7 26. Re4 Bh3+ 27. Ke2 c5 28. d3 cxd3+ 29. cxd3 Rxh8 30. Bg5+ Ke6 31. Re1 Rg8 32. Rh4 Bf5 33. Bf4 Rg2+ 34. Kd1 Bxd3 35. Rh6+ Bg6 36. Re2 Rxe2 37. Kxe2 Bxb2 38. h4 Bxe5 39. Bxe5 Nxe5 0-1

[Event "HUN-chT2 Asztalos 1516"]
[Site "Hungary"]
[Date "2015.10.18"]
[Round "3.8"]
[White "Papp, Csaba"]
[Black "Palfi, Peter"]
[Result "1-0"]
[WhiteElo "1984"]
[BlackElo "1825"]
[PlyCount "61"]
[EventDate "2015.09.13"]
[EventType "team-tourn"]
[EventRounds "11"]
[EventCountry "HUN"]
[SourceTitle "CBM 170 Extra"]
[Source "ChessBase"]
[SourceDate "2016.02.25"]
[SourceVersion "1"]
[SourceVersionDate "2016.02.25"]
[SourceQuality "1"]
[WhiteTeam "Decs 1990 II"]
[BlackTeam "Marcali"]
[WhiteTeamCountry "HUN"]
[BlackTeamCountry "HUN"]

1. e4 e5 2. Nf3 Nc6 3. d4 exd4 4. Bc4 d6 5. Nxd4 Nf6 6. Nc3 Be7 7. Be3 a6 8. Qd2 Nxd4 9. Bxd4 0-0 10. 0-0-0 b5 11. Bd3 Bb7 12. f3 b4 13. Ne2 a5 14. g4 Nd7 15. f4 Bf6 16. g5 Bxd4 17. Nxd4 Nc5 18. Rhe1 Re8 19. Nf5 Bxe4 20. Bxe4 Nxe4 21. Qd4 f6 22. Rxe4 Rxe4 23. Qxe4 fxg5 24. Ne7+ Kh8 25. fxg5 Rb8 26. Rd3 Qd7 27. h4 Qb5 28. Nc6 Rf8 29. Nd4 Qb6 30. Rf3 Rxf3 31. Qe8+ 1-0

[Event "HUN-chT2 Charousek 1415"]
[Site "Hungary"]
[Date "2015.04.26"]
[Round "9"]
[White "Papp, Csaba"]
[Black "Acs, Marton"]
[Result "0-1"]
[WhiteElo "2015"]
[BlackElo "1973"]
[PlyCount "110"]
[EventDate "2014.10.12"]
[EventType "team-tourn"]
[EventRounds "9"]
[EventCountry "HUN"]
[SourceTitle "EXT 2016"]
[Source "ChessBase"]
[SourceDate "2015.10.08"]
[SourceVersion "1"]
[SourceVersionDate "2015.10.08"]
[SourceQuality "1"]
[WhiteTeam "Decs"]
[BlackTeam "Tapolca"]
[WhiteTeamCountry "HUN"]
[BlackTeamCountry "HUN"]

1. e4 c6 2. d4 d5 3. exd5 cxd5 4. c3 Nc6 5. Bd3 Nf6 6. Bf4 g6 7. Nd2 Bg7 8. Ngf3 0-0 9. 0-0 Bf5 10. Bxf5 gxf5 11. Be5 e6 12. Qe2 Ne4 13. Bxg7 Kxg7 14. Ne5 Nxe5 15. dxe5 Nxd2 16. Qxd2 Kh8 17. Rad1 Rc8 18. Rfe1 Rg8 19. Qe3 b6 20. Rd4 Qg5 21. Qxg5 Rxg5 22. f4 Rgg8 23. Kf2 Rc7 24. Re2 Rb8 25. Kf3 h5 26. g3 b5 27. h3 Rc4 28. Rxc4 bxc4 29. Ke3 Rg8 30. Kf3 a5 31. a4 Kg7 32. Rg2 Kf8 33. b3 cxb3 34. Rb2 Ke7 35. Rxb3 Rc8 36. h4 Rc4 37. Ke3 Rxa4 38. Rb7+ Kf8 39. Ra7 Ra1 40. Kf2 a4 41. Ra8+ Ke7 42. Ra7+ Ke8 43. Kg2 a3 44. Ra4 a2 45. Kh2 Kd7 46. Kg2 Kc6 47. Kh2 Kb5 48. Ra3 Kc4 49. Kg2 Kd3 50. Kh2 Kc2 51. c4 dxc4 52. g4 fxg4 53. f5 Kb2 54. fxe6 fxe6 55. Ra6 Rh1+ 0-1

[Event "HUN-chT2 Asztalos 1415"]
[Site "Hungary"]
[Date "2015.03.01"]
[Round "7"]
[White "Papp, Csaba"]
[Black "Szabo, Zoltan"]
[Result "1-0"]
[WhiteElo "2015"]
[BlackElo "1862"]
[PlyCount "79"]
[EventDate "2014.10.12"]
[EventType "team-tourn"]
[EventRounds "9"]
[EventCountry "HUN"]
[SourceTitle "EXT 2016"]
[Source "ChessBase"]
[SourceDate "2015.10.08"]
[SourceVersion "1"]
[SourceVersionDate "2015.10.08"]
[SourceQuality "1"]
[WhiteTeam "Decs II"]
[BlackTeam "Peti MTE"]
[WhiteTeamCountry "HUN"]
[BlackTeamCountry "HUN"]

1. e4 e5 2. Nf3 Nc6 3. d4 exd4 4. Bc4 d6 5. Nxd4 Nf6 6. Nc3 Be7 7. 0-0 0-0 8. Bb3 Nxd4 9. Qxd4 Be6 10. Be3 Bxb3 11. axb3 a6 12. h3 Re8 13. f4 Bf8 14. Rae1 Qd7 15. Bf2 Qc6 16. Kh1 Rad8 17. Bh4 Be7 18. Kh2 Rd7 19. Bf2 Bd8 20. Re2 Rde7 21. Rfe1 Qd7 22. g4 c5 23. Qd3 Qc6 24. g5 Nh5 25. Qf3 g6 26. Nd5 Re6 27. h4 Ba5 28. c3 Bc7 29. Re3 Bb8 30. R1e2 Qb5 31. c4 Qc6 32. Be1 b5 33. Bc3 b4 34. Bf6 Qd7 35. f5 Nxf6 36. fxe6 Qxe6 37. Nxf6+ Kh8 38. Nxe8 Qxe8 39. Qf6+ Kg8 40. Kg1 1-0

[Event "HUN-chT2 Asztalos 1415"]
[Site "Hungary"]
[Date "2014.12.14"]
[Round "4"]
[White "Szabo, Attila"]
[Black "Papp, Csaba"]
[Result "0-1"]
[WhiteElo "1943"]
[BlackElo "2015"]
[PlyCount "70"]
[EventDate "2014.10.12"]
[EventType "team-tourn"]
[EventRounds "9"]
[EventCountry "HUN"]
[SourceTitle "EXT 2016"]
[Source "ChessBase"]
[SourceDate "2015.10.08"]
[SourceVersion "1"]
[SourceVersionDate "2015.10.08"]
[SourceQuality "1"]
[WhiteTeam "Szentlorinc"]
[BlackTeam "Decs II"]
[WhiteTeamCountry "HUN"]
[BlackTeamCountry "HUN"]

1. e4 e5 2. f4 d5 3. exd5 e4 4. Nc3 Nf6 5. d3 Bb4 6. Bd2 e3 7. Bxe3 Nxd5 8. Bd2 0-0 9. Nxd5 Bxd2+ 10. Kxd2 Qxd5 11. Qf3 Qa5+ 12. c3 Nc6 13. Ne2 Be6 14. Qf2 Rad8 15. Nc1 Bf5 16. Be2 Nd4 17. g4 Nxe2 18. Qxe2 Rfe8 19. Qf2 Bxg4 20. Rg1 Bf5 21. a4 g6 22. b4 Qd5 23. Rg3 b6 24. h4 h5 25. Ra2 Qc4 26. Rb2 Re6 27. d4 c5 28. bxc5 bxc5 29. Nb3 Bg4 30. Rxg4 hxg4 31. Na5 Qxa4 32. Nb7 Rb8 33. d5 Rxb7 34. Rc2 Reb6 35. c4 Qxc2+ 0-1

[Event "HUN-chT2 Asztalos 1314"]
[Site "Hungary"]
[Date "2014.03.23"]
[Round "7"]
[White "Hrubos, Viktor"]
[Black "Papp, Csaba"]
[Result "0-1"]
[WhiteElo "1826"]
[BlackElo "2012"]
[PlyCount "62"]
[EventDate "2013.09.08"]
[EventType "team-tourn"]
[EventRounds "9"]
[EventCountry "HUN"]
[SourceTitle "EXT 2016"]
[Source "ChessBase"]
[SourceDate "2015.10.08"]
[SourceVersion "1"]
[SourceVersionDate "2015.10.08"]
[SourceQuality "1"]
[WhiteTeam "Pecs Karmin"]
[BlackTeam "Decs 1990 II"]
[WhiteTeamCountry "HUN"]
[BlackTeamCountry "HUN"]

1. d4 d5 2. Bf4 Nf6 3. h3 e6 4. Nf3 Bd6 5. Bxd6 Qxd6 6. c3 b6 7. Nbd2 Ba6 8. Qc2 Nbd7 9. c4 c5 10. e3 0-0 11. Be2 Rac8 12. Qa4 Nb8 13. dxc5 bxc5 14. Rd1 d4 15. exd4 cxd4 16. b4 d3 17. c5 Qd5 18. Bf1 Ne4 19. Nb1 Bc4 20. Qa3 Rfd8 21. Rd2 Nxd2 22. Kxd2 Nc6 23. h4 Qe4 24. Rh3 Nxb4 25. Nc3 Qf4+ 26. Kd1 Nc2 27. Qa5 Nd4 28. Nd2 Ne2 29. Nce4 Qe5 30. Nxc4 Qa1+ 31. Kd2 Qc1# 0-1

[Event "HUN-chT2 Asztalos 1314"]
[Site "Hungary"]
[Date "2014.03.02"]
[Round "6.9"]
[White "Papp, Csaba"]
[Black "Fehervari, Istvan"]
[Result "1/2-1/2"]
[WhiteElo "2012"]
[BlackElo "1971"]
[PlyCount "78"]
[EventDate "2013.09.08"]
[EventType "team-tourn"]
[EventRounds "9"]
[EventCountry "HUN"]
[SourceTitle "EXT 2016"]
[Source "ChessBase"]
[SourceDate "2015.10.08"]
[SourceVersion "1"]
[SourceVersionDate "2015.10.08"]
[SourceQuality "1"]
[WhiteTeam "Decs 1990 II"]
[BlackTeam "Fehervar"]
[WhiteTeamCountry "HUN"]
[BlackTeamCountry "HUN"]

1. e4 e5 2. Nf3 Nc6 3. d4 exd4 4. Bc4 Nf6 5. Ng5 Ne5 6. Bb3 h6 7. f4 hxg5 8. fxe5 Nh5 9. 0-0 f6 10. exf6 gxf6 11. e5 Bc5 12. Qd3 Rh6 13. Bxg5 fxg5 14. Bf7+ Ke7 15. Bxh5 Rxh5 16. Qc4 Qh8 17. Qxc5+ Ke8 18. Qd5 Qg7 19. Nd2 Rh6 20. Ne4 Re6 21. Nf6+ Kd8 22. Rae1 a5 23. Nh5 Qh8 24. Rf6 Raa6 25. g4 Rad6 26. exd6 Rxe1+ 27. Kf2 Re6 28. Qxg5 Rxf6+ 29. Qxf6+ Qxf6+ 30. Nxf6 cxd6 31. Nd5 b5 32. Kf3 Bb7 33. Ke4 Ke8 34. Kxd4 Kf7 35. a3 Kg6 36. h4 Bc6 37. Nf4+ Kf6 38. Nd5+ Ke6 39. h5 Bxd5 1/2-1/2